Separadores por gravedad para aguas con aceite de petroleo

Uloženo v:
Podrobná bibliografie
Hlavní autor: Barboza Orias, Olman
Médium: Diplomová práce Kniha
Jazyk:Undetermined
Vydáno: 1982
Témata:
Tagy: Přidat tag
Žádné tagy, Buďte první, kdo vytvoří štítek k tomuto záznamu!

MARC

LEADER 00000nam a2200000Ia 4500
001 2006
008 140114s9999 xx 000 0 und d
100 |a Barboza Orias, Olman 
245 |a Separadores por gravedad para aguas con aceite de petroleo 
260 |c 1982 
500 |a NULL 
502 |a Escuela de ingenieria Civil 
650 |z SEPARADORES POR GRAVEDAD DE AGUA Y ACEITE 
999 |c 11484  |d 11484